000 00416nam a2200157Ia 4500
008 210716s2004 xx 000 0 und d
020 _a8178089343
041 _aeng
082 _a332.644 HULJ
100 _aHull, John C.
245 _aFundamentals of futures and options markets.
250 _a4
260 _aNew Delhi
_bPearson Education
_c2004
300 _axix,491
650 _aDerivatives & Risk Management
999 _c199110
_d199110